Centro de Artes de Atenas : proceso participativo para la definición, diseño y gestión de un proyecto comunitario

Αποθηκεύτηκε σε:
Λεπτομέρειες βιβλιογραφικής εγγραφής
Κύριος συγγραφέας: Villalta Madrigal, Edwin Esteban, 1989-
Άλλοι συγγραφείς: Villalta Flórez-Estrada, Mario Enrique, 1978- Director del TFG
Μορφή: Βιβλίο
Γλώσσα:Spanish
Έκδοση: [San José, Costa Rica] 2020.
Θέματα:
Ετικέτες: Προσθήκη ετικέτας
Δεν υπάρχουν, Καταχωρήστε ετικέτα πρώτοι!

MARC

LEADER 00000nam a2200000Ia 4500
003 013515
005 20230331144903.0
008 140114s2020 cr a 000 ||spa d
040 |c cru CEDI 
100 |9 397  |a Villalta Madrigal, Edwin Esteban, 1989- 
245 |a Centro de Artes de Atenas : proceso participativo para la definición, diseño y gestión de un proyecto comunitario 
260 |a  [San José, Costa Rica]  |c 2020. 
500 |a  Proyecto de graduación (licenciatura en arquitectura)--Universidad de Costa Rica. Facultad de Ingeniería. Escuela de Arquitectura, 
501 |a Director de Proyecto de Graduación: M.Sc. Mario Villalta Florez-Estrada 
650 |x CENTROS CULTURALES - ATENAS (ALAJUELA, COSTA RICA) - PROYECTOS   |x CENTROS CULTURALES - ATENAS (ALAJUELA, COSTA RICA) - DISEÑOS Y PLANOS 
700 |9 232  |a Villalta Flórez-Estrada, Mario Enrique, 1978-  |d Director del TFG 
942 |c CEDI  |h TFG 8656  |6 TFG_8656_000000000000000 
999 |c 22007  |d 22007